000 00937cam a22002651 4500
001 799671
005 20090311185816.0
008 740606s1970 enkaf 001 0 eng
010 _a 75017395
015 _aB70-21718
040 _aDLC
_cDLC
_dDLC
050 0 0 _aQC176.8.E35
_bS64
082 0 0 _a620.11297
_222
_bWAL
100 1 _aSolymar, L.
_q(Laszlo)
_96649
245 1 0 _aLectures on the electrical properties of materials/
_cby L. Solymar & D. Walsh.
260 _aOxford:
_bClarendon,
_c1970.
300 _axiv, 350 p.:
_bill. ;
_c25 cm.
350 _a80/-
650 0 _aSolids
_xElectric properties.
_96650
650 0 _aElectrical engineering
_xMaterials.
_96651
650 0 _aQuantum theory.
_96652
700 1 _aWalsh, D.
_q(Donald),
_ejoint author.
_96653
942 _2ddc
_cBB
999 _c11951
_d11951